00580 2200205 4500001002100000005001500021035002000036007000300056008004100059020001800100082001700118084002300135100001800158245005000176250001100226260007800237300003700315990001100352990001100363INLIS00000000000775620210329091740 a0010-0321001126ta210329 g 0 ind  a9786029228038 aR. 959.819 6 aR. 959.819 6 AKH k0 aAkhmad Elvian1 aKampung di Bangka :bJilid 1 /cAkhmad Elvian aCet. 1 aPangkalpinang :bDinas Kebudayaan, Pariwisata, Pemuda dan Olahraga,c2014 axi, 373 hlm :b. ;c14,5 x 21 cm a4086 b a4086 a